|
|
|
|
| LEADER |
00660nab a2200157 i 4500 |
| 001 |
delm86486 |
| 005 |
20190917154116.0 |
| 008 |
190917s1987 hu o 0|| hun d |
| 040 |
|
|
|a SZTE Délmagyarország Archívum
|b hun
|
| 041 |
|
|
|a hun
|
| 100 |
2 |
|
|a Tóth Szeles István
|
| 245 |
1 |
2 |
|a A paradicsom a reménység
|h [elektronikus dokumentum] :
|b a bordányi és a ruzsai határban /
|c Tóth Szeles István
|
| 260 |
|
|
|c 1987-08-19
|
| 300 |
|
|
|a 3
|
| 490 |
0 |
|
|a Délmagyarország
|v 77 No. 195
|
| 695 |
|
|
|a Bordány, Mezőgazdaság termelőszövetkezet Bordány, Mezőgazdaság termelőszövetkezet Ruzsa, Bordányi Előre Szakszövetkezet, Népszabadság Termelőszövetkezet (Ruzsa)
|